[Event "Thessaloniki-Chalkidiki-chT B local"]
[Site "Thessaloniki"]
[Date "2019.03.24"]
[Round "9.7"]
[White "Juganaru, Alexandrou"]
[Black "Vlassis, Miltiadis"]
[Result "1-0"]
[WhiteElo "1008"]
[BlackElo "1269"]
[PlyCount "55"]
[EventDate "2019.01.13"]
[EventType "team-swiss"]
[EventRounds "9"]
[EventCountry "GRE"]
[SourceTitle "EXT 2020"]
[Source "ChessBase"]
[SourceDate "2019.10.17"]
[SourceVersion "1"]
[SourceVersionDate "2019.10.17"]
[SourceQuality "1"]

1. c4 Nf6 2. Nc3 e6 3. e4 d5 4. e5 Nfd7 5. d4 dxc4 6. Bxc4 Nb6 7. Bb3 Bb4 8. Nge2 Nd5 9. Bd2 Nxc3 10. Bxc3 Be7 11. 0-0 b6 12. d5 Ba6 13. dxe6 Qxd1 14. exf7+ Kf8 15. Bxd1 Kxf7 16. Bb3+ Ke8 17. Rfe1 Bc5 18. Bd4 Bb4 19. Bc3 Bc5 20. a3 Nd7 21. Bd4 Bxe2 22. e6 Bxd4 23. exd7+ Kxd7 24. Rxe2 c5 25. Rae1 Rhf8 26. Ba4+ Kd8 27. Re8+ Kc7 28. R1e7+ 1-0